| 000 | 00814cam a22002653a 4500 | ||
|---|---|---|---|
| 001 | 378 | ||
| 003 | PGUSA | ||
| 005 | 20140828082947.0 | ||
| 008 | 951201s1995||||xxu|||||s|||||000 1 eng d | ||
| 040 |
_aPGUSA _beng |
||
| 042 | _adc | ||
| 050 | 4 | _aPC | |
| 100 | 1 |
_aMartorell, Joanot, _d-1468 |
|
| 245 | 1 | 4 |
_aThe White Knight : _bTirant Lo Blanc _h[electronic resource] / _cJoanot Martorell |
| 260 |
_bProject Gutenberg, _c1995 |
||
| 506 | _aCopyrighted. Read the copyright notice inside this book for details. | ||
| 516 | _aElectronic text | ||
| 653 | _aKnights and knighthood -- Fiction | ||
| 653 | _aAdventure and adventurers -- Fiction | ||
| 653 | _aAdventure stories | ||
| 700 | 1 | _aRudder, Robert S. | |
| 830 | 0 |
_aProject Gutenberg _v378 |
|
| 856 | 4 | 0 | _uhttp://www.gutenberg.org/ebooks/378 |
| 942 | _cEB | ||
| 999 |
_c229729 _d229729 |
||